| 000 | 00328nam a22001217a 4500 | ||
|---|---|---|---|
| 040 | _cNust | ||
| 082 |
_a620.1054 _bHUA |
||
| 100 |
_aT.C Huang _9127435 |
||
| 245 |
_aEngineering mechanics _bDynamics |
||
| 260 |
_aLondon: _bAddison Wesley publishing company, _c1967. |
||
| 650 |
_aEngineering mechanics _959741 |
||
| 942 |
_2ddc _cBK |
||
| 999 |
_c612562 _d612562 |
||